Sports Quiz

Random Sports or NFL Quiz

NFL: Most Career Field Goals Quiz Stats

 Plays Quiz Updated Aug 5, 2018

Challenge
Share
Tweet
Embed
Score 0/31 Timer 05:00
12 Plays Today
Years Played Kicker % Correct
1982-2004Gary Anderson
76.7%
1996-presentAdam Vinatieri
75%
2000-presentSebastian Janikowski
70.8%
1982-2007Morten Andersen
67.4%
2006-presentStephen Gostkowski
41.1%
1998-2013David Akers
39.3%
1993-2009Jason Elam
37.5%
1949-1975George Blanda
35.8%
1982-1999Norm Johnson
30.1%
1992-2012Jason Hanson
28.9%
1967-1985Jan Stenerud
28%
2005-presentRobbie Gould
27.9%
2002-presentMatt Bryant
27.5%
1999-presentPhil Dawson
23.2%
2003-2016Josh Brown
22.7%
1979-1995Matt Bahr
18%
Years Played Kicker % Correct
1991-2009Matt Stover
17.9%
2001-2014Jay Feely
16.2%
1988-2010John Carney
16.2%
1970-1986Mark Moseley
16.1%
1997-2011Ryan Longwell
15.3%
1991-2011John Kasay
14.7%
1997-2011Olindo Mare
13.5%
1980-2000Eddie Murray
13.2%
1978-1996Nick Lowery
12.3%
1984-2000Al Del Greco
11.2%
1990-2004Steve Christie
11.1%
1994-2007Jeff Wilkins
7.9%
1964-1979Jim Turner
7.2%
1974-1991Pat Leahy
6.3%
2000-2013Rian Lindell
5.3%

You're not logged in!

Compare scores with friends on all Sporcle quizzes.
Join for Free
OR
Log In

You Might Also Like...

Show Comments

Extras

Top Quizzes Today


Score Distribution

Your Account Isn't Verified!

In order to create a playlist on Sporcle, you need to verify the email address you used during registration. Go to your Sporcle Settings to finish the process.

Report this User

Report this user for behavior that violates our Community Guidelines.

Details: